000 00564nam a22002057a 4500
003 UA-OsUOA
001 42594
007 ta
008 20061113b un ||||| |||| 00| 0 ukr d
090 _a34
_bП-11
942 _cSA
040 _aUA-OsUOA
_bukr
_cUA-OsUOA
_dUA-OsUOA
245 _aПро внесення змін до закону України "Про аудиторську діяльність"
300 _aС.432
955 _a0
041 _aukr
080 _a34
773 0 _w42593
650 7 _a34 Право. Юриспруденція
_2UDC
999 _c328724
_d328724